000 00515nam a2200181Ia 4500
008 230917s9999||||xx |||||||||||||| ||und||
020 _cRS395
040 _e227938
_aMAIN
041 _aEnglish
082 _a346.03 S64L(7)
100 _aSingh, S P
245 0 _aLaw of tort: Including compensation under the consumer protection act
250 _a7th ed.
260 _aAllahabad
_bUniversal Law Publishing
_c2015
300 _a398 p.
500 _a2086 26/08/2015 KB15/125 16/09/2015 Main Budget
942 _cBK
999 _c15722
_d15722